| 000 | 00387nam a2200121Ia 4500 | ||
|---|---|---|---|
| 008 | 250110s9999 xx 000 0 und d | ||
| 041 | _aeng | ||
| 100 |
_aBobde Namrata _9182654 |
||
| 245 | _aConceptual Framework For Sustainable Municpal Solid Waste Management In Amravati City | ||
| 260 |
_bFinal Year B.Arch ID, Pune _c2014 |
||
| 300 | _a81p | ||
| 700 |
_aGuide Name:Nawale Rahul _9210329 |
||
| 999 |
_c363521 _d363521 |
||